书目信息 |
| 题名: |
青少年智力因素开发与非智力因素培养
|
|
| 作者: | 闵卫国 , 李光裕 主编 | |
| 分册: | ||
| 出版信息: | 北京 科学出版社 2012 |
|
| 页数: | 173页 | |
| 开本: | 24cm | |
| 丛书名: | ||
| 单 册: | ||
| 中图分类: | B848.5 | |
| 科图分类: | ||
| 主题词: | 青少年--智力开发--师范大学--教材 , 青少年--非智力因素--能力培养--师范大学--教材 , 青少年 , 智力开发 , 非智力因素 , 能力培养 | |
| 电子资源: | ||
| ISBN: | 978-7-5088-3505-1 | |
| 000 | 01252nam0 2200313 450 | |
| 001 | 1287 | |
| 005 | 20180522104753.27 | |
| 010 | @a978-7-5088-3505-1@dCNY26.00 | |
| 090 | @aB848@bmwg | |
| 100 | @a20140429d2012 em y0chiy50 ea | |
| 101 | 0 | @achi |
| 102 | @aCN@b110000 | |
| 105 | @aa z 000yy | |
| 200 | 1 | @a青少年智力因素开发与非智力因素培养@9qing shao nian zhi li yin su kai fa yu fei zhi li yin su pei yang@f闵卫国,李光裕主编 |
| 210 | @a北京@c科学出版社@c龙门书局@d2012 | |
| 215 | @a173页@c图@d24cm | |
| 300 | @a云南师范大学教育学专业(教师教育方向)双学位课程系列教材/孙亚玲、傅淳主编 | |
| 330 | @a本书分上下两篇共11章。内容包括青少年注意力、观察力、记忆力、想象力、思维力、创造力的开发和青少年动机、兴趣、情感、意志、性格的培养等,力求结合大学生生活、学习以及他们今后职业活动的实际,突出心理学原理的应用,强化心理学的服务功能。 | |
| 606 | 0 | @a青少年@x智力开发@x师范大学@j教材 |
| 606 | 0 | @a青少年@x非智力因素@x能力培养@x师范大学@j教材 |
| 606 | 0 | @a青少年 |
| 606 | 0 | @a智力开发 |
| 606 | 0 | @a非智力因素 |
| 606 | 0 | @a能力培养 |
| 690 | @aB848.5@v5 | |
| 701 | 0 | @a闵卫国@9min wei guo@c(教育心理学)@4主编 |
| 701 | 0 | @c(纳西)@a李光裕@9li guang yu@f(1961~)@4主编 |
| 801 | 0 | @aCN@bNLC@c20140429 |
| 905 | @aMuseLib@dB848.5@e2173 | |
| 青少年智力因素开发与非智力因素培养/闵卫国,李光裕主编.-北京:科学出版社:龙门书局,2012 |
| 173页:图;24cm |
| 云南师范大学教育学专业(教师教育方向)双学位课程系列教材/孙亚玲、傅淳主编 |
| ISBN 978-7-5088-3505-1:CNY26.00 |
| 本书分上下两篇共11章。内容包括青少年注意力、观察力、记忆力、想象力、思维力、创造力的开发和青少年动机、兴趣、情感、意志、性格的培养等,力求结合大学生生活、学习以及他们今后职业活动的实际,突出心理学原理的应用,强化心理学的服务功能。 |
| ● |
| 相关链接 |
|
|
|
|
正题名:青少年智力因素开发与非智力因素培养
索取号:B848.5/2173
 
预约/预借
| 序号 | 登录号 | 条形码 | 馆藏地/架位号 | 状态 | 备注 |
| 1 | 1103622 | 211036225 | 第一样本阅览室/ [索取号:B848.5/2173] | 在馆 | |
| 2 | 1103623 | 211036234 | 教育系资料室/ [索取号:B848.5/2173] | 在馆 | |
| 3 | 1103624 | 211036243 | 教育系资料室/ [索取号:B848.5/2173] | 在馆 | |
| 4 | 1103625 | 211036252 | 教育系资料室/ [索取号:B848.5/2173] | 在馆 | |
| 5 | 1103626 | 211036261 | 第一借阅区/ [索取号:B848.5/2173] | 在馆 | |
| 6 | 1103627 | 211036270 | 第一借阅区/ [索取号:B848.5/2173] | 在馆 |